00288nam a2200097Ia 4500008004100000020001400041100001800055245007400073260002900147300001400176180205s9999 xx 000 0 und d a140071814 aTheroux, Paul 4aThe kingdon by the sea :bA journey around the coast of great britain aUSAbPenguin Booksc1984 a349 pages